000 00775nam a2200241Ia 4500
003 OSt
005 20220923220720.0
006 a|||||r|||| 00| 0
007 ta
008 220922b |||||||| |||| 00| 0 hin d
024 _a189,550
037 _cTextual
040 _aARTS
_cARTS
_bhin
041 _2hin
_ahin
082 _aO152,2N2912,AP, L5
100 _aचौपड़ा, सुदर्शन
_9156271
245 0 _aअपनी पहचान
246 _aApanī pahachāna
260 _aदिल्ली
_b राजेेश प्रकाशन
_c1975
650 _aहिन्दी साहित्य
_9156264
942 _hO152,2N2912,AP, L5
_cTEXL
_2CC
999 _c342393
_d342393